Statistics for Past tense

Click here to take the quiz!

General Stats

  • This quiz has been taken 54 times
  • The average score is 26 of 32

Answer Stats

SingularPlural% Correct
CallCalled
100%
FallFell
100%
KnowKnew
100%
SeeSaw
100%
LiveLived
100%
DoDid
98%
RideRode
98%
HideHid
98%
SaySaid
95%
DriveDrove
95%
SitSat
95%
GoWent
91%
KeepKept
91%
HitHit
88%
SlaySlew
88%
SleepSlept
88%
FleeFled
86%
SowSowed
84%
TakeTook
77%
WinWon
74%
ShakeShook
74%
BreakBroke
74%
LeakLeaked
72%
SeepSeeped
70%
BeginBegan
67%
PeelPeeled
60%
StealStole
60%
WriteWrote
58%
FightFought
53%
SlakeSlaked
51%
SingSang
49%
BringBrought
37%

Score Distribution

Percentile by Number Answered

Percent of People with Each Score

Your Score History

You have not taken this quiz